000 00586 a2200193 4500
001 61585
005 20260407155906.0
008 260407a1959 arg spa d
003 AR-UNSa-BCEJYS
040 _aAR-UNSa-BCEJYS
_bspa
_cAR-UNSa-BCEJYS
080 _a347.4
_xObligaciones. Contratos. Acuerdos. Convenios
245 1 0 _aManual de las obligaciones
_pEn nuestro derecho civil
264 1 _aBuenos Aires :
_bRoque Depalma Editor
_c1959
300 _a487 p.
_c23 cm.
041 _aspa
942 _cBK
590 _aniveau_biblio:m niveau_hierar:0
100 1 _aRessónico, Luis María
999 _c7342
_d7342